MARC

LEADER 00000nam0a2200000 4500
001 299644
005 20231102001225.0
035 |a (RuTPU)RU\TPU\book\324796 
090 |a 299644 
100 |a 20150701d1982 km y0rusy50 ca 
101 1 |a rus  |c eng 
102 |a RU 
105 |a a z 001zy 
200 1 |a Теория вращающихся звезд  |e пер. с англ.  |f Ж.-Л. Тассуль 
210 |a Москва  |c Мир  |d 1982 
215 |a 472 с.  |c ил. 
320 |a Библиогр.: с. 433-335 
320 |a Именной указатель: с. 458-465 
320 |a Предм. указ.: с. 466-468 
606 1 |a Звезды  |x Вращение  |2 stltpush  |3 (RuTPU)RU\TPU\subj\11469  |9 38400 
610 1 |a теория 
610 1 |a история 
610 1 |a наблюдения 
610 1 |a гидродинамика 
610 1 |a модели 
610 1 |a расчеты 
610 1 |a колебания 
610 1 |a количество движения 
610 1 |a циркуляция 
610 1 |a Солнце 
610 1 |a фрагментация 
610 1 |a белые карлики 
610 1 |a магнетизм 
610 1 |a двойные звезды 
675 |a 524.3  |v 4 
700 1 |a Тассуль  |b Ж.-Л. 
801 1 |a RU  |b 63413507  |c 20150701 
801 2 |a RU  |b 63413507  |c 20190328  |g RCR 
942 |c BK